Handbook of optical fibers and cables /

Bibliographic Details
Main Author: Murata, Hiroshi, 1925-
Format: Book
Language:English
Published: New York : Marcel Dekker, [1988]
Series:Optical engineering (Marcel Dekker, Inc.) ; v. 15.
Subjects:

MARC

Tag First Indicator Second Indicator Subfields
LEADER 00000cam a2200000 a 4500
001 in00000032316
005 20151007060455.0
008 870914s1988 nyua b 00110 eng
010 |a  87027158  
020 |a 0824776941 
035 |a (OCoLC)16754402 
035 |9 AAC0937AM 
040 |a DLC  |c DLC  |d TXA  |d UtOrBLW 
049 |a TXAM  |c [A11682600] 
050 0 0 |a TA1800  |b .M87 1988 
082 0 |a 621.36/92  |2 19 
100 1 |a Murata, Hiroshi,  |d 1925- 
245 1 0 |a Handbook of optical fibers and cables /  |c Hiroshi Murata. 
264 1 |a New York :  |b Marcel Dekker,  |c [1988] 
264 4 |c ©1988 
300 |a vii, 467 pages :  |b illustrations ;  |c 24 cm. 
336 |a text  |b txt  |2 rdacontent 
337 |a unmediated  |b n  |2 rdamedia 
338 |a volume  |b nc  |2 rdacarrier 
490 1 |a Optical engineering ;  |v 15 
504 |a Includes bibliographies and index. 
650 0 |a Optical fibers  |x Handbooks, manuals, etc. 
830 0 |a Optical engineering (Marcel Dekker, Inc.) ;  |v v. 15. 
999 |a MARS 
999 f f |s 4689c8e5-08bf-39cc-963f-527c09c82973  |i 545020ca-dcb6-331b-9078-98637d9543e6  |t 0 
952 f f |p ric  |a Texas A&M University  |b Rellis Campus  |c Joint Library Facility  |d Remote Storage  |t 0  |e TA1800 .M87 1988  |h Library of Congress classification  |i unmediated -- volume  |m A14811682600 
998 f f |a TA1800 .M87 1988  |t 0  |l Remote Storage